00000000nam 2200000zi 4500
0019.946253
003CaOODSP
00520250311102053
006m     o  d f      
007cr cn|||||||||
008241217t20252024qucd    o    f000 0 fre d
020 |a9780660749495
040 |aCaOODSP|bfre|erda|cCaOODSP
043 |an-cn-ab
0861 |aEn4-759/1-2024F-PDF
24500|aAlberta : |baperçu sur l'électricité propre 2022-2024.
24610|aAperçu sur l'électricité propre 2022-2024
264 1|a[Gatineau (Québec)] : |bEnvironnement et changement climatique Canada = Environment and Climate Change Canada, |c[2025]
264 4|c©2024
300 |a1 ressource en ligne (2 pages non numérotées) : |bgraphiques
336 |atexte|btxt|2rdacontent/fre
337 |ainformatique|bc|2rdamedia/fre
338 |aressource en ligne|bcr|2rdacarrier/fre
500 |aTitre de départ.
500 |aPublié aussi en anglais sous le titre : Alberta: clean electricity snapshot 2022-2024.
520 |a« En 2023, 92 % de la croissance du Canada en matière de production d'électricité renouvelable provenait de l'Alberta » -- Page [1].
650 6|aÉnergies propres|zAlberta.
650 6|aÉlectricité|xProduction|zAlberta.
7101 |aCanada. |bEnvironnement et changement climatique Canada, |eorganisme de publication.
77508|tAlberta : |w(CaOODSP)9.946252
85640|qPDF|s509 Ko|uhttps://publications.gc.ca/collections/collection_2025/eccc/en4/En4-759-1-2024-fra.pdf
8564 |qHTML|sS.O.|uhttps://www.canada.ca/fr/services/environnement/meteo/changementsclimatiques/plan-climatique/electricite-propre/apercu-alberta.html
986 |aEC24023